00241 a2200109 4500001000700000020000600007040001100013100002500024240003900049245003400088362000900122170361 a  cMagnum aHewavisenti, Lakshmi10aMatematica divertida - contaslpor10aMatematica divertida - contas0 a1899